000 00469nam a22001577a 4500
003 OSt
008 260428b |||||||| |||| 00| 0 eng d
082 _a634.421
_bR20E
100 _aKumar, Ravindra
245 _aEffect of Plant Growth Regulators on Fruiting and Quality of Guava (psidium Guajarn L.) CV. Allahabad Safeda
260 _aPusa, Samastipur
_bRAU
_c1996
300 _a78P.
502 _bMsc.
_d1996
650 _aFruit and Fruit Technology
942 _2ddc
_cT
999 _c50229
_d50229